Towards a sustainable system of innovation: The case of plantation sector in Kerala (Record no. 44579)

MARC details
000 -LEADER
fixed length control field 00406nam a2200121Ia 4500
082 ## - DEWEY DECIMAL CLASSIFICATION NUMBER
Classification number 338.43.01
Item number NRP.28
100 ## - MAIN ENTRY--AUTHOR NAME
Personal name JOSEPH, KJ
245 #0 - TITLE STATEMENT
Title Towards a sustainable system of innovation: The case of plantation sector in Kerala
260 ## - PUBLICATION, DISTRIBUTION, ETC. (IMPRINT)
Place of publication Thiruvananthapuram
Name of publisher Centre for Development Studies
Year of publication 2013
490 ## - SERIES STATEMENT
Series statement NRPPD Discusison paper No.28
942 ## - ADDED ENTRY ELEMENTS (KOHA)
Koha item type Books
Holdings
Withdrawn status Lost status Damaged status Not for loan Home library Current library Date acquired Source of acquisition Full call number Accession Number Koha item type
        RRII Library RRII Library 16/12/2021 Gift 338.43.01 NRP.28 G01324 Books